| 000 -LEADER |
| fixed length control field |
00671nam a22002177a 4500 |
| 001 - CONTROL NUMBER |
| control field |
3799 |
| 003 - CONTROL NUMBER IDENTIFIER |
| control field |
BD-DhUAP |
| 005 - DATE AND TIME OF LATEST TRANSACTION |
| control field |
20200123115058.0 |
| 008 - FIXED-LENGTH DATA ELEMENTS--GENERAL INFORMATION |
| fixed length control field |
200123s1998 nyua b 001 0 eng |
| 020 ## - INTERNATIONAL STANDARD BOOK NUMBER |
| International Standard Book Number |
0471246611 (pbk. : acidfree paper) |
| 040 ## - CATALOGING SOURCE |
| Original cataloging agency |
DLC |
| Transcribing agency |
DLC |
| Modifying agency |
BD-DhUAP |
| Language of cataloging |
Eng |
| 082 00 - DEWEY DECIMAL CLASSIFICATION NUMBER |
| Edition number |
23 |
| Classification number |
332.6 WAG |
| 100 1# - MAIN ENTRY--PERSONAL NAME |
| Personal name |
Waggoner, John. |
| 245 14 - TITLE STATEMENT |
| Title |
The fast forward MBA in investing / |
| Statement of responsibility, etc. |
John Waggoner. |
| 260 ## - PUBLICATION, DISTRIBUTION, ETC. |
| Place of publication, distribution, etc. |
New York : |
| Name of publisher, distributor, etc. |
J. Wiley, |
| Date of publication, distribution, etc. |
c1998. |
| 300 ## - PHYSICAL DESCRIPTION |
| Extent |
xix, 248 pages : |
| Other physical details |
illustrations ; |
| Dimensions |
27 cm. |
| 490 ## - SERIES STATEMENT |
| Series statement |
The fast forward MBA series |
| 504 ## - BIBLIOGRAPHY, ETC. NOTE |
| Bibliography, etc. note |
Includes bibliographical references and index. |
| 650 #0 - SUBJECT ADDED ENTRY--TOPICAL TERM |
| Topical term or geographic name entry element |
Investments |
| Geographic subdivision |
United States. |
| 942 ## - ADDED ENTRY ELEMENTS (KOHA) |
| Source of classification or shelving scheme |
|
| Koha item type |
Book |